Strojírenské tváření I

Salvato in:
Dettagli Bibliografici
Autori principali: Petruželka, Jiří (Autore), Hrubý, Jiří (Autore)
Natura: Libro
Lingua:ceco
Pubblicazione: Ostrava : VŠB-Technická univerzita Ostrava, 2001
Edizione:1. vyd
Soggetti:
Accesso online:OBSAH
Tags: Aggiungi Tag
Nessun Tag, puoi essere il primo ad aggiungerne!!

MARC

LEADER 00000nam a22000003a 4500
001 stu135512
005 20150617225929.9
008 070105s2001----xr------------------cze-d
020 |a 80-7078-878-X 
040 |a STU  |b slo 
041 0 |a cze 
044 |a xr 
080 |a 621.77 
100 1 |a Petruželka, Jiří  |4 aut 
245 1 |a Strojírenské tváření I 
250 |a 1. vyd 
260 |a Ostrava :  |b VŠB-Technická univerzita Ostrava,  |c 2001 
300 |a 148 s 
650 7 |a tvárnenie  |2 stusub 
700 1 |a Hrubý, Jiří  |4 aut 
856 4 |a https://sweb.mtf.stuba.sk/obsahy/Strojirenske_tvarneni_I_01  |u https://sweb.mtf.stuba.sk/obsahy/Strojirenske_tvarneni_I_01  |3 OBSAH 
996 |b 284M075601  |c M*S-1270-2  |l MMKN  |s A  |a 24  |w stu135512_0001 
996 |b 284M075600  |c M*S-1270-1  |l MMKN  |s A  |a 24  |w stu135512_0002